000 00606nam a22002177a 4500
003 UA-OsUOA
001 120706
007 ta
008 20170209b un ||||| |||| 00| 0 ukr d
100 _aЩукіна І.
090 _a82
_bЩ95
942 _cSA
040 _aUA-OsUOA
_bukr
_cUA-OsUOA
_dUA-OsUOA
245 _a"Голосні струни" Лесі Українки: музика в рядках і між ними
300 _aС.10-18
955 _a0
041 _aukr
080 _a82
773 0 _w120705
650 7 _a82 Література. Літературознавство
_2UDC
999 _c406716
_d406716